00882na a2200229 450000100060000000300080000600500170001400800410003102000180007204000250009004100080011508200230012310000360014624501710018224600190035326000420037230000240041449000570043850400280049565000390052371000900056218276MIRAKIL20181213154813.0161115b tu 000 0  a9789751952639 aMilasbturcTR-AnCHP atur a368.44 bK91t 2012 aKüçükbayrak, Müşerref aTürkiye'de işsizlik sigortasının kapsamı ve işsizlik ve istihdam süresi açısından değerlendirilmesibuzmanlık tezicMüşerref Küçükbayrak.  auzmanlık tezi aAnkarabKalkınma Bakanlığıc2012 a200 s.bgrfc23 sm. aKalkınma Bakanlığı yayınlarıvYayın no: 2834 aDizin ve kaynakça var aİşsizlik sigortasızTürkiye aKalkınma BakanlığıbSosyal Sektörler ve Koordinasyon Genel Müdürlüğü